Countries with embassies and consulates in Equatorial Guinea - Statistics

General Stats
  • This quiz has been taken 38 times
  • The average score is 19 of 22
Answer Stats
Continent Country % Correct
Europe France
100%
Asia China
97%
North America Cuba
97%
Africa Nigeria
97%
Africa South Africa
97%
Asia/ Europe Turkey
97%
North America United States of America
97%
South America Brazil
94%
Europe Germany
94%
South America Venezuela
94%
Africa Angola
92%
Europe Spain
92%
Africa Egypt
89%
Africa Gabon
89%
Africa Ghana
89%
Africa Guinea
86%
Africa Republic of the Congo
86%
Africa Cameroon
83%
Africa Morocco
75%
Africa Mali
69%
Africa Ivory Coast
61%
Asia North Korea
33%
No matching quizzes found
Score Distribution
Percent of People with Each Score
Percentile by Number Answered
Your Score History
You have not taken this quiz